| 000 | 00337nam a2200121Ia 4500 | ||
|---|---|---|---|
| 008 | 210430s9999 xx 000 0 und d | ||
| 082 | _a620.11292 C853 M | ||
| 100 | _aThomas H.Courtney | ||
| 245 |
_aMechanical Behavior of Materials _cThomas H.Courtney |
||
| 260 |
_aNew York _bMcGraw Hill _c1990 |
||
| 300 | _a710p. | ||
| 942 |
_cBK _2ddc |
||
| 999 |
_c561971 _d561971 |
||